Catálogo

LITERATURA UNIVERSAL (Registro nro. 45744)

Detalles MARC
000 -LEADER
fixed length control field 01060nam a2200205 a 4500
001 - CONTROL NUMBER
control field 45744
005 - DATE AND TIME OF LATEST TRANSACTION
control field 20180714025041.0
008 - FIXED-LENGTH DATA ELEMENTS--GENERAL INFORMATION
fixed length control field 140415s2003 mx 000 0 spa d
020 ## - INTERNATIONAL STANDARD BOOK NUMBER
International Standard Book Number 9684226527
041 ## - LANGUAGE CODE
Language code of text/sound track or separate title spa
082 ## - DEWEY DECIMAL CLASSIFICATION NUMBER
Classification number 809
Item number TER
100 1# - MAIN ENTRY--PERSONAL NAME
Personal name TERESA OCHOA, ADRIANA MARÍA DE
245 10 - TITLE STATEMENT
Title LITERATURA UNIVERSAL
250 ## - EDITION STATEMENT
Edition statement 1a ed.
260 ## - PUBLICATION, DISTRIBUTION, ETC.
Place of publication, distribution, etc. MEXICO :
Name of publisher, distributor, etc. MCGRAW-HILL INTERAMERICANA EDITORES,
Date of publication, distribution, etc. 2003
300 ## - PHYSICAL DESCRIPTION
Extent 368
Dimensions 23.4 x 19 x 1.5
520 ## - SUMMARY, ETC.
Summary, etc. ENTRE LOS PROBLEMAS A LOS QUE SE ENFRENTAN LOS PROFESORES DE LITERATURA UNIVERSAL ENCONTRAMOS, POR UN LADO, LA NECESIDAD DE CUBRIR UN VASTÍSIMO PROGRAMA EN UN MÍNIMO DE TIEMPO, Y POR EL OTRO, LA FALTA DE UN LIBRO DE TEXTO QUE SINTETICE Y ELABORE ADECUADAMENTE DICHO MATERIAL DESDE UNA PERSPECTIVA EMINENTEMENTE DIDÁCTICA. POR LAS RAZONES ANTES EXPUESTAS, EN ESTE LIBRO DE LITERATURA UNIVERSAL NOS INTERESA DESTACAR LAS DIFERENTES ESCUELAS O TENDENCIAS ESTÉTICAS DE CADA ÉPOCA, CORRIENTE O E
650 14 - SUBJECT ADDED ENTRY--TOPICAL TERM
Topical term or geographic name entry element LITERATURA
700 1# - ADDED ENTRY--PERSONAL NAME
Personal name PRIETO GONZÁLEZ, MARÍA ANGÉLICA
Relator term coaut.
Existencias
Withdrawn status Lost status Source of classification or shelving scheme Damaged status Not for loan Collection code Home library Current library Shelving location Date acquired Source of acquisition Inventory number Total Checkouts Total Renewals Full call number Barcode Date last seen Date last checked out Price effective from Koha item type
    Dewey Decimal Classification     General Biblioteca Karol Wojtyla Biblioteca Karol Wojtyla Sala general 03/12/2013 Compra 151000000000000000032392 1 1 809 TER 68692 05/01/2026 29/01/2019 03/12/2013 Libro